Managing a microsoft windows NT Network / (Record no. 62465)

MARC details
000 -LEADER
fixed length control field 00386nam a22001337a 4500
005 - DATE AND TIME OF LATEST TRANSACTION
control field 20180730160533.0
020 ## - INTERNATIONAL STANDARD BOOK NUMBER
International Standard Book Number 8120318021
Terms of availability 695.00
035 ## - SYSTEM CONTROL NUMBER
System control number B-41391,B-041390
037 ## - SOURCE OF ACQUISITION
Stock number DPL
Source of stock number/acquisition ENG
245 ## - TITLE STATEMENT
Title Managing a microsoft windows NT Network /
260 ## - PUBLICATION, DISTRIBUTION, ETC. (IMPRINT)
Place of publication, distribution, etc New Dehli
Name of publisher, distributor, etc Prentice-Hall of India
Date of publication, distribution, etc 2001
300 ## - PHYSICAL DESCRIPTION
Extent xxii, 829p.
Dimensions 22 cms.
942 ## - ADDED ENTRY ELEMENTS (KOHA)
Source of classification or shelving scheme Dewey Decimal Classification
Item type English Books
Classification part 005.43
Call number suffix MAN
Holdings
Withdrawn status Lost status Not for loan Collection code Home library Current library Date acquired Cost, normal purchase price Full call number Barcode Cost, replacement price Koha item type Source of acquisition
      Non-fiction Patel Nagar Patel Nagar 30/07/2018 695.00 005.43 MAN B-041390 695.00 English Books BPPD/Pub
      Non-fiction Sarojini Nagar Sarojini Nagar 10/02/2012 695.00 005.43 MAN B-41391 695.00 English Books  

© Delhi Public Library
Hit Counter
free hit counter